| 000 | 00546nam a22001937a 4500 | ||
|---|---|---|---|
| 999 |
_c106 _d106 |
||
| 003 | OSt | ||
| 005 | 20210501133007.0 | ||
| 008 | 140701b xxu||||| |||| 00| 0 eng d | ||
| 020 | _a9780323033886 | ||
| 040 | _cLDC | ||
| 082 | _aQS504 T239e 2007 | ||
| 100 |
_aTelser, Alving G.; Young, John K.; Baldwin, M. Kate _9298 |
||
| 245 | _aElsevier's Integrated Histology | ||
| 260 |
_aPhiladelphia : _bMosby Elsevier ; _c2007. |
||
| 300 |
_axi, 436 p.: _bcol.ill ; _c30 cm. |
||
| 504 | _aIncludes index | ||
| 650 |
_aHistology _9194 |
||
| 942 |
_2z _cO_SHELF |
||